000 00482nam a2200193Ia 4500
005 20240823042341.0
008 240823s9999||||xx |||||||||||||| ||und||
020 _a978-81-203-3904-0
041 _aENGLISH
082 _A005.43 P9
100 _a"Tanenbaum,Andrew S"
245 0 _aModern Operating Systems
250 _a3rd
260 _c2009
_b"PHI,New Delhi"
500 _aTRANSFERED
650 _aOperating System
_bComputer Applications
942 _cBK
999 _c207663
_d207663